| 000 | 01136nam a2200289 4500 | ||
|---|---|---|---|
| 003 | OSt | ||
| 005 | 20260601193908.0 | ||
| 008 | 260520b1994 mx a|||| |||| 00| 0 spa d | ||
| 040 |
_aICI _bspa _cICI |
||
| 050 | 0 |
_aT1 _b.R48 1994 |
|
| 100 | _eautor | ||
| 110 |
_aUniversidad Autónoma de Aguascalientes. _bCentro Tecnológico, _eeditor corporativo. _934690 |
||
| 245 |
_aRevista del Centro Tecnológico. _bn2. |
||
| 264 |
_aAguascalientes, México : _bUniversidad Autónoma de Aguascalientes, _c1994. |
||
| 300 | _a1 volumen : | ||
| 336 |
_2rdacontent _atexto |
||
| 337 |
_2rdamedia _asin medio |
||
| 338 |
_2rdacarrier _avolumen |
||
| 610 |
_aUniversidad Autónoma de Aguascalientes _vPublicaciones periódicas. _934691 |
||
| 650 |
_aTecnología _vPublicaciones periódicas. _934692 |
||
| 650 |
_aIngeniería _vPublicaciones periódicas _934693 |
||
| 650 |
_aInvestigación tecnológica _zMéxico. _934694 |
||
| 650 |
_aUniversidades y colegios tecnológicos _zMéxico. _934695 |
||
| 651 |
_aAguascalientes (México) _xVida intelectual. _934696 |
||
| 710 |
_aUniversidad Autónoma de Aguascalientes, _eeditor. _934697 |
||
| 942 |
_2lcc _n0 _cB |
||
| 999 |
_c22461 _d22461 |
||